Las nieves del kilimanjaro /

Guardado en:
Autor Principal: Hemingway, Ernest
Formato: Libro
Publicado: Madrid : Unidad Editorial, 1998
Series:Las novelas del verano; No. 4
Materias:
Etiquetas: Agregar Etiqueta
Sin Etiquetas, Sea el primero en etiquetar este registro!
LEADER 00719nam a22002535a 4500
001 CEM.cems010240
005 20080602104227.0
008 130507s1998##################000#0#####d
003 CEMS
020 |a 8481300314 
082 0 4 |a 813.5 
100 1 |a Hemingway, Ernest 
245 1 0 |a Las nieves del kilimanjaro /  |c Ernest Hemingway 
260 |a Madrid :  |b Unidad Editorial,  |c 1998 
300 |a 96 p. 
490 0 |a Las novelas del verano; No. 4 
653 |a Literatura 
653 |a Literatura juvenil 
653 |a Literatura norteamericana 
653 |a Literatura eeuu 
653 |a Cuentos 
653 |a Cuento norteamericano 
653 |a Cuento eeuu 
859 |a CEMS  |b BIB. CEMS - 11 de abril  |h 813.5  |i H373-3  |p 20757.00  |t Ej.1